K R RAMAMANI (Record no. 32320)

MARC details
000 -LEADER
fixed length control field 00263nam a22001217a 4500
003 - CONTROL NUMBER IDENTIFIER
control field SGT
082 ## - DEWEY DECIMAL CLASSIFICATION NUMBER
Classification number 336.2
Item number VIJ
100 ## - MAIN ENTRY--PERSONAL NAME
Personal name VIJAYARAGHAVAN
245 ## - TITLE STATEMENT
Title K R RAMAMANI
Remainder of title REMEMBRANCE OF A TAX LEGEND
260 ## - PUBLICATION, DISTRIBUTION, ETC. (IMPRINT)
Place of publication, distribution, etc CHENNAI
Name of publisher, distributor, etc SAPRA
300 ## - PAGE DESCRIPTION
No. of Pages 575
942 ## - ADDED ENTRY ELEMENTS (KOHA)
Source of classification or shelving scheme Dewey Decimal Classification
Koha item type Books
Holdings
Withdrawn status Lost status Source of classification or shelving scheme Damaged status Not for loan Collection code Home library Current library Shelving location Date acquired SGTU Full call number Accession No. (Barcode) Date last seen Bill Date Koha item type Total Checkouts
    Dewey Decimal Classification   Not For Loan LAW SGT Science & Social Sciences Library SGT Science & Social Sciences Library Reference Book 22/08/2025 SGTU 336.2 VIJ FL3852 22/08/2025 22/08/2025 Books  
    Dewey Decimal Classification     LAW SGT Science & Social Sciences Library SGT Science & Social Sciences Library Text Book 22/08/2025 SGTU 336.2 VIJ FL3853 22/08/2025 22/08/2025 Books